Statistics for America True or False- For Pro's Only

Click here to take the quiz!

General Stats

  • This quiz has been taken 82 times
  • The average score is 7 of 15

Answer Stats

QuestionAnswer% Correct
Washington D.C. wasn't always the US capitalTrue
86%
Florida has the longest coastline of any stateFalse
77%
George Washington is the only person to every be on the Dollar BillFalse
66%
In Michigan, it's legal to hunt Unicorns with a licenseTrue
66%
There are more barrels of Bourbon that people in KentuckyTrue
63%
The Official language of America is EnglishFalse
55%
Hawaii and New Mexico don't participate in Day Light Savings timeFalse
48%
Grizzly Bears no longer live in CaliforniaTrue
41%
The US has the 2nd longest cave system in the WorldFalse
34%
More than 10 of the original signers of the Declaration of Independence were BritishFalse
34%
The US Has the 3rd Longest River system in the worldFalse
32%
The Gateway Arch is the tallest monument in the USTrue
30%
In Mississippi, unclaimed bags at airports are soldFalse
29%
Uncle Sam wasn't a real manFalse
21%
The North Pole is in AlaskaTrue
11%

Score Distribution

Percentile by Number Answered

Percent of People with Each Score

Your Score History

You have not taken this quiz